000 00415nam a2200145 a 4500
001 000036130
005 20200930074914.0
008 111214s2011 dr 000 0 spa d
040 _aDO-SdBNP
_bspa
_cBNPHU
082 _axxxx
_bP437
100 1 _aPerello, Ramón Lorenzo,
_d1924-
_925958
245 1 0 _aA machu-picchu. /
_cRamón Lorenzo Perello.
260 _aSan to Domingo,
_c2011.
300 _a103 p. :
_bContinental.
999 _c35621
_d35621